Ảnh hưởng của Calcium phun qua lá đến hiện tượng nứt trái và thời gian bảo quản trái chôm chôm Rongien : Báo cáo tổng kết đè tài khoa học công nghệ cấp trường

Tìm được dạng và liều lượng canxi thích hợp phun qua lá hạn chế hiện tượng nứt trái. Kéo dài thời gian bảo quản trái chôm chôm sau thu hoạch.

Gorde:
Xehetasun bibliografikoak
Egile nagusia: Trần, Thị Bích Vân
Formatua: Liburua
Hizkuntza:Undetermined
Argitaratua: Cần Thơ Trường Đại học Cần Thơ 2015
Gaiak:
Etiketak: Etiketa erantsi
Etiketarik gabe, Izan zaitez lehena erregistro honi etiketa jartzen!
Thư viện lưu trữ: Trung tâm Học liệu Trường Đại học Cần Thơ
LEADER 01215nam a2200241Ia 4500
001 CTU_210210
008 210402s9999 xx 000 0 und d
082 |a 664.80466 
082 |b V121 
088 |a T2015-78 
100 |a Trần, Thị Bích Vân 
245 0 |a Ảnh hưởng của Calcium phun qua lá đến hiện tượng nứt trái và thời gian bảo quản trái chôm chôm Rongien : 
245 0 |b Báo cáo tổng kết đè tài khoa học công nghệ cấp trường 
245 0 |c Trần Thị Bích Vân (chủ nhiệm đề tài) 
260 |a Cần Thơ 
260 |b Trường Đại học Cần Thơ 
260 |c 2015 
520 |a Tìm được dạng và liều lượng canxi thích hợp phun qua lá hạn chế hiện tượng nứt trái. Kéo dài thời gian bảo quản trái chôm chôm sau thu hoạch. 
650 |a Rambutan,Trái cây,Trái chôm chôm,Fruit 
650 |x Postharvest physiology,Bảo quản,Sinh lý học sau thu hoạch,Preservation 
904 |i Nguyễn Duy Khang,Qhieu 
915 |a NN 
980 |a Trung tâm Học liệu Trường Đại học Cần Thơ